| 000 | 01643cam a2200397 a 4500 | ||
|---|---|---|---|
| 999 |
_c174592 _d174592 |
||
| 001 | 12482960 | ||
| 003 | Nust | ||
| 005 | 20170202104117.0 | ||
| 008 | 010726s2000 nyu b 000 1 eng d | ||
| 010 | _a 2001269805 | ||
| 020 | _a9780141441412 | ||
| 035 | _a(OCoLC)ocm45258629 | ||
| 040 |
_aIOS _cIOS _dMBB _dDLC |
||
| 041 | 1 |
_aeng _hrus |
|
| 042 | _alccopycat | ||
| 043 | _ae-ur--- | ||
| 050 | 0 | 0 |
_aPG3326 _b.B6 2000 |
| 082 | 0 | 0 |
_a823 _bDOS |
| 100 | 1 |
_aDostoyevsky, Fyodor, _d1821-1881. |
|
| 240 | 1 | 0 |
_aBesy. _lEnglish |
| 245 | 1 | 0 |
_aDemons / _cby Fyodor Dostoevsky ; |
| 260 |
_aNew York : _bKnopf, _c2008. |
||
| 300 |
_axliii, 842 p. ; _c21 cm. |
||
| 490 | 0 |
_aEveryman's library ; _v182 |
|
| 500 | _aFirst included in Everyman's Library as The Possessed, 1931. | ||
| 504 | _aIncludes bibliographical references (p. xxxii-xxxiii, [715]-733). | ||
| 650 | 0 |
_aNihilism _vFiction. |
|
| 650 | 0 |
_aTerrorists _zRussia _vFiction. |
|
| 651 | 0 |
_aRussia _xSocial life and customs _y1533-1917 _vFiction. |
|
| 655 | 7 |
_aPolitical fiction. _2lcsh |
|
| 700 | 1 |
_aPevear, Richard, _d1943- |
|
| 700 | 1 | _aVolokhonsky, Larissa. | |
| 856 | 4 | 2 |
_3Publisher description _uhttp://www.loc.gov/catdir/description/random044/2001269805.html |
| 856 | 4 | 2 |
_3Contributor biographical information _uhttp://www.loc.gov/catdir/enhancements/fy1102/2001269805-b.html |
| 906 |
_a7 _bcbc _ccopycat _d2 _encip _f20 _gy-gencatlg |
||
| 942 |
_2ddc _cBK |
||